[Event "West Wales op"]
[Site "Swansea"]
[Date "2018.10.14"]
[Round "4"]
[White "Phillips, William"]
[Black "Lewis, David Rhys"]
[Result "1/2-1/2"]
[WhiteElo "1862"]
[BlackElo "1622"]
[PlyCount "46"]
[EventDate "2018.10.12"]
[EventType "swiss"]
[EventRounds "5"]
[EventCountry "WLS"]
[SourceTitle "EXT 2020"]
[Source "ChessBase"]
[SourceDate "2019.10.17"]
[SourceVersion "1"]
[SourceVersionDate "2019.10.17"]
[SourceQuality "1"]

1. d4 Nf6 2. Nf3 d5 3. e3 c5 4. c3 Nc6 5. Bd3 Bg4 6. Nbd2 e6 7. 0-0 Bd6 8. h3 Bh5 9. dxc5 Bxc5 10. b4 Bd6 11. Bb2 0-0 12. Re1 Rc8 13. Qb1 Ne5 14. Nxe5 Bxe5 15. c4 Bxb2 16. Qxb2 dxc4 17. Bxc4 Bg6 18. Rac1 Qe7 19. a3 Rfd8 20. Be2 e5 21. Rxc8 Rxc8 22. Rc1 Rxc1+ 23. Qxc1 h6 1/2-1/2

[Event "West Wales op 48th"]
[Site "Swansea"]
[Date "2015.11.22"]
[Round "4"]
[White "Garcia, Jason"]
[Black "Lewis, David Rhys"]
[Result "1/2-1/2"]
[WhiteElo "2032"]
[BlackElo "1912"]
[PlyCount "86"]
[EventDate "2015.11.20"]
[EventType "swiss"]
[EventRounds "5"]
[EventCountry "WLS"]
[SourceTitle "EXT 2018"]
[Source "ChessBase"]
[SourceDate "2017.10.13"]
[SourceVersion "1"]
[SourceVersionDate "2017.10.13"]
[SourceQuality "1"]

1. e4 e6 2. d4 d5 3. Nc3 Nf6 4. e5 Nfd7 5. f4 c5 6. Nf3 Nc6 7. Be3 h6 8. Qd2 g5 9. fxg5 cxd4 10. Nxd4 Ndxe5 11. Be2 hxg5 12. Bxg5 Bh6 13. Bxh6 Qh4+ 14. g3 Qxh6 15. Qxh6 Rxh6 16. 0-0-0 Bd7 17. Ncb5 Ke7 18. Nf3 Nxf3 19. Bxf3 Ne5 20. Nd4 Nxf3 21. Nxf3 Rg8 22. Rhe1 Bc6 23. Rd2 Rh5 24. Rde2 Kd6 25. Ne5 Rg7 26. c4 dxc4 27. Nxc4+ Ke7 28. Ne5 Bd5 29. b3 Rgh7 30. h4 Rg7 31. Re3 Rh8 32. Nd3 Rhg8 33. Nf4 Bc6 34. Ne2 Bb5 35. Nd4 Bc6 36. Nf5+ Kf6 37. Nxg7 Rxg7 38. Rf1+ Ke7 39. Rf4 f6 40. Rd4 f5 41. Kd2 Kf6 42. Ke1 Bd5 43. Rc3 Ke5 1/2-1/2

[Event "WLS-ch 61st"]
[Site "Cardiff"]
[Date "2015.04.03"]
[Round "1"]
[White "Lewis, David Rhys"]
[Black "Bullen, Alex"]
[Result "1/2-1/2"]
[WhiteElo "1897"]
[BlackElo "2007"]
[PlyCount "75"]
[EventDate "2015.04.03"]
[EventType "swiss"]
[EventRounds "7"]
[EventCountry "WLS"]
[SourceTitle "CBM 165 Extra"]
[Source "ChessBase"]
[SourceDate "2015.04.21"]
[SourceVersion "1"]
[SourceVersionDate "2015.04.21"]
[SourceQuality "1"]

1. e4 e5 2. Bc4 Nf6 3. d3 c6 4. Nf3 d5 5. Bb3 Bg4 6. h3 Bh5 7. exd5 Bxf3 8. Qxf3 cxd5 9. Bg5 Qa5+ 10. Nd2 Nbd7 11. 0-0-0 Bd6 12. c4 e4 13. dxe4 dxc4 14. Bxf6 cxb3 15. Nxb3 Qxa2 16. Bxg7 Rc8+ 17. Kd2 Bb4+ 18. Ke2 Rg8 19. Qd3 Qa4 20. Ra1 Qc6 21. Rhc1 Nc5 22. Nxc5 Rd8 23. Nd7 Qxd7 24. Qxd7+ Rxd7 25. Rc8+ Rd8 26. Rxd8+ Kxd8 27. Bf6+ Kc7 28. Rxa7 Rxg2 29. Be5+ Kc6 30. Kf3 Rxf2+ 31. Kxf2 Bc5+ 32. Kf3 Bxa7 33. Kf4 Kd7 34. Kg5 Ke6 35. Bf4 Bd4 36. b3 Bg7 37. h4 b5 38. h5 1/2-1/2

[Event "Welsh Winter op"]
[Site "Penarth"]
[Date "2015.02.01"]
[Round "5"]
[White "Williams, Stephen"]
[Black "Lewis, David Rhys"]
[Result "1/2-1/2"]
[WhiteElo "1789"]
[BlackElo "1894"]
[PlyCount "85"]
[EventDate "2015.01.30"]
[EventType "swiss"]
[EventRounds "5"]
[EventCountry "WLS"]
[SourceTitle "EXT 2018"]
[Source "ChessBase"]
[SourceDate "2017.10.13"]
[SourceVersion "1"]
[SourceVersionDate "2017.10.13"]
[SourceQuality "1"]

1. d4 g6 2. c4 Bg7 3. Nc3 d6 4. e4 e5 5. d5 f5 6. exf5 gxf5 7. Qh5+ Kf8 8. Bd3 Nf6 9. Qh4 Na6 10. Nge2 Nc5 11. Bc2 a5 12. Ng3 f4 13. Nh5 Qe7 14. Nxg7 Qxg7 15. g3 Kf7 16. Bd2 Qg4 17. Qxg4 Bxg4 18. gxf4 Bf3 19. Rg1 Rae8 20. fxe5 Rxe5+ 21. Kf1 Rhe8 22. Rg3 Be2+ 23. Nxe2 Rxe2 24. Rd1 Ncd7 25. Bd3 R2e5 26. Bxa5 b6 27. Bc3 Rh5 28. h3 Ne5 29. Be2 Rf5 30. Rd4 Ng6 31. Bg4 Nxg4 32. Rdxg4 Rf8 33. Bd4 Ke7 34. Re4+ Kd7 35. h4 Ne5 36. Rg7+ Kc8 37. Be3 h5 38. Rg5 Rf3 39. Ke2 Ng4 40. Rxh5 Nxf2 41. Re7 Ng4 42. Rhh7 Nxe3 43. Rxc7+ 1/2-1/2

[Event "Welsh Winter op"]
[Site "Penarth"]
[Date "2015.01.30"]
[Round "1"]
[White "Di Vetta, Andrew"]
[Black "Lewis, David Rhys"]
[Result "0-1"]
[WhiteElo "1563"]
[BlackElo "1894"]
[PlyCount "138"]
[EventDate "2015.01.30"]
[EventType "swiss"]
[EventRounds "5"]
[EventCountry "WLS"]
[SourceTitle "EXT 2018"]
[Source "ChessBase"]
[SourceDate "2017.10.13"]
[SourceVersion "1"]
[SourceVersionDate "2017.10.13"]
[SourceQuality "1"]

1. Nf3 g6 2. g3 Bg7 3. Bg2 e5 4. e4 c5 5. 0-0 Nc6 6. c3 d6 7. d3 h5 8. Nh4 Bf6 9. Nf3 Be6 10. h4 Bg4 11. Qd2 Bg7 12. Qc2 Qd7 13. Kh2 Nge7 14. Na3 f6 15. Nc4 0-0-0 16. b4 cxb4 17. cxb4 Kb8 18. Be3 Nxb4 19. Qd2 Nec6 20. a3 Na6 21. Na5 Nxa5 22. Qxa5 Be6 23. Rab1 Ka8 24. Rfc1 d5 25. Ng1 d4 26. Bd2 Rc8 27. f4 Rxc1 28. Rxc1 Qd8 29. Qxd8+ Rxd8 30. fxe5 fxe5 31. Bh3 Bxh3 32. Nxh3 Kb8 33. Nf2 Bf8 34. Bg5 Rd7 35. a4 Bd6 36. g4 Nc5 37. gxh5 gxh5 38. Rc4 b6 39. Kg2 Kb7 40. Kf1 a6 41. Ke2 b5 42. axb5 axb5 43. Rc1 Ne6 44. Rg1 Rg7 45. Kd2 Nf4 46. Rb1 b4 47. Nd1 Nh3 48. Bd8 Kc6 49. Kc2 Kb5 50. Kb3 Nf4 51. Nb2 Rg3 52. Rd1 Ne6 53. Bf6 Nc5+ 54. Ka2 Rg2 55. Kb1 Na4 56. Nxa4 Kxa4 57. Bg5 Kb3 58. Bd2 Be7 59. Be1 Rh2 60. Bg3 Rb2+ 61. Ka1 Bf6 62. Be1 Ra2+ 63. Kb1 Rg2 64. Ka1 Ka4 65. Kb1 Rg1 66. Kb2 b3 67. Kc1 Rh1 68. Bg3 Rxd1+ 69. Kxd1 Ka3 0-1

[Event "West Wales op 47th"]
[Site "Swansea"]
[Date "2014.11.29"]
[Round "3"]
[White "Hatchett, Paul"]
[Black "Lewis, David Rhys"]
[Result "0-1"]
[WhiteElo "1984"]
[BlackElo "1899"]
[PlyCount "20"]
[EventDate "2014.11.28"]
[EventType "swiss"]
[EventRounds "5"]
[EventCountry "WLS"]
[SourceTitle "EXT 2016"]
[Source "ChessBase"]
[SourceDate "2015.10.08"]
[SourceVersion "1"]
[SourceVersionDate "2015.10.08"]
[SourceQuality "1"]

1. e4 e6 2. d3 d5 3. Nd2 Nf6 4. Ngf3 Bc5 5. c3 dxe4 6. dxe4 Ng4 7. Nd4 e5 8. N2b3 Bb6 9. h3 Nf6 10. c4 Bxd4 0-1